000
00283nam a2200121Ia 4500
005
20251222143115.0
008
251222s9999||||xx |||||||||||||| ||spa||
082
_a
501/L29
100
_a
Laudan, Larry
245
0
_a
El Progreso y sus Problemas:
264
_b
Encuentro
942
_c
LIB
999
_c
11313
_d
11313